[Event "AUTO-ELITE-02"]
[Site "http://www.queenalice.com/game.php?id=20014"]
[Date "2005.7.17"]
[Round "1"]
[White "ahimsa"]
[Black "NextFuture"]
[Result "1-0"]
[WhiteElo "1935"]
[BlackElo "2027"]

1. e4 g6 2. Nf3 Bg7 3. g3 d6 4. Bg2 c5 5. d3 Nc6 6. c3 Bd7 7. O-O b5 8. Re1 Qc7
9. Nbd2 Nf6 10. Nf1 Rd8 11. h4 O-O 12. Bf4 Nh5 13. Be3 e5 14. N3h2 f5 15. exf5
Ne7 16. fxg6 hxg6 17. Bf3 Nf6 18. h5 gxh5 19. Bxh5 Nxh5 20. Qxh5 Rf5 21. Qe2 Bc6
22. Nd2 Rdf8 23. Ne4 c4 24. Ng5 R8f6 25. g4 cxd3 26. Qxd3 e4 27. Qc2 Re5 28. Nh3
Rg6 29. Nf4 Qd7 30. Nxg6 Nxg6 31. Kf1 Nh4 32. Ke2 Nf3 33. Rh1 Nxh2 34. Rxh2
Qxg4+ 35. Kf1 Bd5 36. b3 Rh5 37. Rxh5 Qxh5 38. Rc1 Qh1+ 39. Ke2 Qf3+ 40. Kd2 Be6
41. Qd1 Qf5 42. Kc2 b4 43. Qxd6 1-0

[Event "AUTO-ELITE-02"]
[Site "http://www.queenalice.com/game.php?id=20021"]
[Date "2005.7.17"]
[Round "1"]
[White "ahimsa"]
[Black "Buyung"]
[Result "0-1"]
[WhiteElo "1963"]
[BlackElo "1540"]

1. e4 e6 2. d3 b5 3. Nf3 Bb7 4. g3 a5 5. Bg2 c5 6. O-O Nc6 7. Re1 b4 8. Nbd2 Nf6
9. h4 Be7 10. Nf1 Qb6 11. e5 Nd5 12. Bd2 f5 13. Ng5 h6 14. Qh5+ Kd8 15. Nf7+ Kc7
16. Nxh8 Rxh8 17. Bxd5 exd5 18. Bf4 Nd4 19. Rac1 Qe6 20. c3 Nc6 21. d4 c4 22.
Qf3 g5 23. hxg5 hxg5 24. Bd2 f4 25. g4 Rh4 26. Nh2 Qh6 27. Qg2 Nd8 28. f3 Rh3
29. Re2 Rg3 30. Nf1 Rxg2+ 31. Rxg2 Ne6 32. b3 Ba6 33. Be1 Kd8 34. Nd2 bxc3 35.
Rxc3 Nxd4 36. bxc4 Bxc4 37. Nxc4 dxc4 38. Rxc4 Nxf3+ 39. Kf2 Nxe5 40. Bxa5+ Ke8
41. Rc8+ Kf7 42. Kg1 Qa6 43. Rh8 Bc5+ 44. Kh1 Qxa5 45. Rgh2 Qe1+ 0-1

[Event "AUTO-ELITE-02"]
[Site "http://www.queenalice.com/game.php?id=20022"]
[Date "2005.7.17"]
[Round "1"]
[White "Buyung"]
[Black "ahimsa"]
[Result "0-1"]
[WhiteElo "1577"]
[BlackElo "1971"]

1. c4 g6 2. d4 Bg7 3. Nf3 d6 4. d5 Nf6 5. Nc3 O-O 6. e4 c6 7. Bd3 Bg4 8. h3 Bxf3
9. gxf3 Nbd7 10. Be3 cxd5 11. exd5 a6 12. f4 Rc8 13. h4 h5 14. f3 Nb6 15. Qe2
Nfd7 16. Ne4 Na4 17. Rb1 Ndc5 18. b3 Nxe4 19. fxe4 Nc3 20. Qc2 Nxb1 21. Qxb1 b5
22. f5 bxc4 23. Bxc4 Kh7 24. Rg1 Be5 25. Ke2 Qa5 26. Bd2 Qb6 27. Be3 Qb7 28. Qd3
Ra8 29. a4 a5 30. Bb5 Rab8 31. Bc4 Rg8 32. Kf3 Qc8 33. Bd2 Ra8 34. Qe3 Qf8 35.
Ke2 Bf6 36. Rh1 Qg7 37. Kd1 Bd4 38. Qf3 Kh8 39. Kc2 Qh7 40. fxg6 fxg6 41. Bg5
Rgf8 42. Qh3 Rf2+ 43. Kc1 Qg7 44. Rh2 Be3+ 45. Bxe3 Qa1# 0-1

[Event "QA-ANNIV-01"]
[Site "http://www.queenalice.com/game.php?id=29017"]
[Date "2005.9.16"]
[Round "2"]
[White "mandaragit"]
[Black "ahimsa"]
[Result "0-1"]
[WhiteElo "2137"]
[BlackElo "1986"]

1. Nf3 g6 2. c4 Bg7 3. d4 d6 4. Nc3 Bg4 5. e3 Nc6 6. Be2 e5 7. d5 Nce7 8. e4
Bxf3 9. Bxf3 h5 10. b4 a6 11. c5 Nf6 12. O-O Bh6 13. Bxh6 Rxh6 14. Qd2 Rh8 15.
Be2 h4 16. Rac1 Rc8 17. Qe3 Nh5 18. Bxh5 Rxh5 19. f4 Qd7 20. fxe5 Rxe5 21. Qf4
Ng8 22. Qxh4 Rh5 23. Qf4 Rd8 24. c6 bxc6 25. dxc6 Qe6 26. Nd5 Rc8 27. a4 Re5 28.
Rce1 g5 29. Qf3 Qg6 30. b5 axb5 0-1

[Event "AUTO-OPEN-78"]
[Site "http://www.queenalice.com/game.php?id=32478"]
[Date "2005.10.10"]
[Round "2"]
[White "franliro"]
[Black "ahimsa"]
[Result "0-1"]
[WhiteElo "1949"]
[BlackElo "2008"]

1. e4 g6 2. Nf3 Bg7 3. d4 c6 4. Bc4 d5 5. exd5 cxd5 6. Bb3 Bg4 7. c3 e6 8. h3
Bxf3 9. Qxf3 Ne7 10. g4 Nbc6 11. Bf4 Qa5 12. Nd2 Rc8 13. O-O O-O 14. Bc2 Nxd4
15. Qd3 Nxc2 16. Qxc2 d4 17. Nb3 Qa4 18. Qe4 Qc6 19. Qxc6 Nxc6 20. cxd4 Nxd4 21.
Nxd4 Bxd4 22. Bd6 Rfd8 23. Ba3 Rc2 24. Rab1 Rdc8 25. Kg2 Re2 26. Kf3 Rcc2 27.
Be7 Rxf2+ 28. Rxf2 Rxf2+ 29. Ke4 e5 30. g5 Bxb2 31. Bf6 b6 32. Rd1 Rf4+ 33. Kd5
Rd4+ 34. Rxd4 exd4 35. Kc4 d3 36. Kxd3 Bxf6 37. gxf6 h5 38. h4 Kh7 39. Ke4 Kh6
40. Kf4 g5+ 41. hxg5+ Kg6 0-1

[Event "AUTO-OPEN-78"]
[Site "http://www.queenalice.com/game.php?id=32479"]
[Date "2005.10.10"]
[Round "2"]
[White "ahimsa"]
[Black "franliro"]
[Result "1-0"]
[WhiteElo "2022"]
[BlackElo "1913"]

1. e4 c5 2. Nf3 d6 3. g3 Nf6 4. Bg2 e5 5. d3 Be7 6. O-O Nc6 7. Nbd2 O-O 8. a4
Bg4 9. Qe1 Nb4 10. Qd1 a6 11. Nc4 Nc6 12. c3 Nd7 13. Ne3 Be6 14. h4 Na5 15. c4
Nc6 16. Nc2 Rb8 17. Nh2 b5 18. axb5 axb5 19. b3 b4 20. f4 exf4 21. Bxf4 Nde5 22.
Be3 Bf6 23. d4 cxd4 24. Nxd4 Nxd4 25. Bxd4 Nd7 26. Bxf6 Nxf6 27. Bf3 Qb6+ 28.
Kg2 Rfd8 29. Qe1 Nd7 30. Rb1 Nc5 31. Qe3 Qc7 32. Ng4 Qc8 33. Nf2 g6 34. Kh2 Kg7
35. Nd3 Nxd3 36. Qxd3 Qc5 37. Qe2 Re8 38. Qb2+ f6 39. Bg2 Rf8 40. Rf2 Qe5 41.
Rd1 f5 42. Rxd6 Qxb2 43. Rxb2 Rf6 44. e5 1-0

[Event "Challenge"]
[Site "http://www.queenalice.com/game.php?id=33255"]
[Date "2005.10.14"]
[Round "-"]
[White "ahimsa"]
[Black "Croftsy"]
[Result "1-0"]
[WhiteElo "1984"]
[BlackElo "1198"]

1. e4 e5 2. Nf3 Nc6 3. g3 Nh6 4. d3 Ng4 5. h3 Nh6 6. Bg2 Bc5 7. O-O O-O 8. Bxh6
gxh6 9. Qd2 f5 10. Qxh6 Qf6 11. Qxf6 Rxf6 12. exf5 Rxf5 13. c3 d6 14. Nbd2 b6
15. Nh4 Rf8 16. Bxc6 Rb8 17. Ne4 Bxh3 18. Nxc5 bxc5 19. Rfb1 Rb6 20. Bg2 Bg4 21.
Bd5+ Kh8 22. b3 a5 23. Re1 c4 24. Bxc4 a4 25. Ng2 axb3 26. axb3 c6 27. b4 d5 28.
Bb3 Bf5 29. Rxe5 Bxd3 30. Re6 Rc8 31. Bxd5 Bf5 32. Rf6 Bg4 33. Be4 h5 34. Ra7 h4
35. Nxh4 Re8 36. Ng6+ Kg8 37. Rff7 Rxe4 38. Rg7# 1-0

[Event "Challenge"]
[Site "http://www.queenalice.com/game.php?id=33353"]
[Date "2005.10.15"]
[Round "-"]
[White "Croftsy"]
[Black "ahimsa"]
[Result "0-1"]
[WhiteElo "1158"]
[BlackElo "1984"]

1. e4 g6 2. d3 Bg7 3. Nf3 c6 4. Nc3 d5 5. e5 Bg4 6. h3 Bxf3 7. Qxf3 Bxe5 8. g4
e6 9. h4 Nd7 10. h5 Qa5 11. Bd2 Qb6 12. hxg6 hxg6 13. Na4 Qxb2 14. Nxb2 Bxb2 15.
Bc3 Bxc3+ 16. Kd1 Bxa1 17. Bg2 Rxh1+ 18. Bxh1 Ne5 19. Qh3 Kd7 20. Qh8 Rd8 21.
Qg7 Ne7 22. c4 dxc4 23. dxc4 Kc7+ 24. Kc1 Nd3+ 0-1

[Event "Challenge"]
[Site "http://www.queenalice.com/game.php?id=33364"]
[Date "2005.10.15"]
[Round "-"]
[White "jared"]
[Black "ahimsa"]
[Result "0-1"]
[WhiteElo "1640"]
[BlackElo "2042"]

1. d4 g6 2. e4 Bg7 3. Nf3 c6 4. Bc4 d5 5. exd5 cxd5 6. Bb5+ Bd7 7. Bxd7+ Nxd7 8.
O-O e6 9. Qe2 Ngf6 10. Bf4 O-O 11. c3 Re8 12. Re1 Nh5 13. Bg5 Qc7 14. Na3 a6 15.
Rac1 b5 16. Qd2 Nhf6 17. Bf4 Qd8 18. Ne5 Ne4 19. Qe2 Rc8 20. f3 Nxe5 21. dxe5
Nc5 22. Qe3 Bf8 23. Red1 Na4 24. b4 Nb2 25. Rd4 Qd7 26. Rc2 Na4 27. Qd2 Qa7 28.
Be3 Qb8 29. f4 Rc6 30. Rd3 Rec8 31. Bd4 a5 32. Kh1 Qb7 33. h3 Qa6 34. Rf3 Nb6
35. Rb2 axb4 36. cxb4 Nc4 37. Nxc4 dxc4 38. a3 Rd8 39. Qf2 Qa8 40. Rc3 Ra6 41.
Qe3 Qb7 42. Rd2 Rda8 43. Kg1 Qc6 44. Rd1 Ra4 45. Kh2 Qa6 46. Bc5 Bxc5 47. Qxc5
Qb7 48. Rd6 R4a6 49. Rxa6 Rxa6 50. Kg1 Qa7 51. Qxa7 Rxa7 52. g4 Kf8 53. g5 Ke7
54. Kf2 Kd7 55. Ke3 Kc6 56. Ke4 Ra8 57. h4 Rd8 58. a4 bxa4 59. Rxc4+ Kb5 60. Rc7
Ra8 61. Rb7+ Kc6 62. Rxf7 a3 63. b5+ Kb6 0-1

[Event "AUTO-OPEN-78"]
[Site "http://www.queenalice.com/game.php?id=54680"]
[Date "2006.2.25"]
[Round "3"]
[White "ahimsa"]
[Black "NextFuture"]
[Result "0-1"]
[WhiteElo "2023"]
[BlackElo "2056"]

1. e4 g6 2. Nf3 Bg7 3. g3 c5 4. Bg2 Nc6 5. O-O d6 6. d3 Bd7 7. Nbd2 Nf6 8. a4
O-O 9. Nc4 Nh5 10. Re1 Rb8 11. c3 b6 12. h4 a6 13. Nh2 Qc7 14. Bf3 Nf6 15. Kg2
Rfd8 16. h5 b5 17. axb5 axb5 18. Ne3 Ne5 19. hxg6 hxg6 20. Rh1 Bc6 21. Nd5 Bxd5
22. exd5 Qb7 23. Be4 c4 24. Qe2 cxd3 25. Bxd3 Qxd5+ 26. Nf3 Qxd3 27. Qxd3 Nxd3
28. Bg5 Nxb2 29. Rh4 Rdc8 30. Rah1 Rxc3 31. Bh6 e5 32. Bxg7 Kxg7 33. g4 Nd3 34.
g5 Nh5 0-1

[Event "AUTO-OPEN-78"]
[Site "http://www.queenalice.com/game.php?id=54681"]
[Date "2006.2.25"]
[Round "3"]
[White "NextFuture"]
[Black "ahimsa"]
[Result "1/2-1/2"]
[WhiteElo "2000"]
[BlackElo "1981"]

1. d4 g6 2. e4 Bg7 3. Nf3 c6 4. Nc3 d5 5. exd5 cxd5 6. Bb5+ Nc6 7. Ne5 Bxe5 8.
dxe5 e6 9. O-O Bd7 10. Re1 Nge7 11. Bg5 h6 12. Bf6 Rh7 13. Qd2 Qc7 14. Rad1 a6
15. Bd3 Ng8 16. Qf4 Nxf6 17. Qxf6 Qd8 18. Qf4 Qg5 19. Qxg5 hxg5 20. Rd2 O-O-O
21. f3 Rdh8 22. g3 Nd4 23. Rf1 Nf5 24. Nd1 Bc6 25. Bxf5 gxf5 26. c3 f4 27. Rg2
Kd7 28. b3 Ke7 29. Nb2 f6 30. exf6+ Kxf6 31. a4 a5 32. b4 b6 33. Re1 e5 34. gxf4
gxf4 35. Nd3 Re7 36. Rge2 Rg8+ 37. Kf2 Rge8 38. b5 Bb7 39. h4 Kf5 40. Rg1 Bc8
41. Rg5+ Kf6 42. Kg1 Bf5 43. Nf2 Rh8 44. Ng4+ Bxg4 45. Rxg4 Rh6 46. Rd2 Ke6 47.
Rdg2 Rf7 48. Rg8 Kd7 49. R2g5 Re7 50. Ra8 Rxh4 51. Ra7+ Kd6 52. Rxe7 Kxe7 53.
Rxe5+ Kd6 54. Re8 Rh6 55. Rc8 Ke5 56. Kg2 Rg6+ 57. Kf2 Rh6 1/2-1/2

[Event "AUTO-ELITE-33"]
[Site "http://www.queenalice.com/game.php?id=54693"]
[Date "2006.2.25"]
[Round "1"]
[White "shogun"]
[Black "ahimsa"]
[Result "1-0"]
[WhiteElo "2009"]
[BlackElo "2044"]

1. e4 g6 2. d4 Bg7 3. Nc3 c6 4. Be2 d5 5. Nf3 Bg4 6. exd5 cxd5 7. h3 Bxf3 8.
Bxf3 e6 9. Ne2 Ne7 10. Bg5 Nbc6 11. O-O O-O 12. c3 Qd7 13. Qd2 Nf5 14. Ng3 Nxg3
15. fxg3 f6 16. Bf4 Rad8 17. Rad1 b5 18. Qe2 a6 19. Bg4 Rde8 20. Rfe1 Nd8 21. a4
Rf7 22. axb5 Qxb5 23. Bf3 Qxe2 24. Bxe2 a5 25. Bb5 Ree7 26. Ra1 Ra7 27. Ra2 Rfb7
28. Ba4 Ra6 29. g4 Nf7 30. Bc2 e5 31. Bg3 exd4 32. Re8+ Bf8 33. Bd3 Raa7 34. Bf2
Ne5 35. Bb1 Nc6 36. Re6 Rc7 37. Rxf6 Kg7 38. Rxc6 Rxc6 39. Bxd4+ 1-0

[Event "AUTO-ELITE-33"]
[Site "http://www.queenalice.com/game.php?id=54694"]
[Date "2006.2.25"]
[Round "1"]
[White "ahimsa"]
[Black "shogun"]
[Result "0-1"]
[WhiteElo "2039"]
[BlackElo "2090"]

1. e4 Nc6 2. Nf3 d5 3. exd5 Qxd5 4. Nc3 Qa5 5. Bb5 Bd7 6. O-O e6 7. d4 Bb4 8.
Qd3 Nf6 9. Nd2 Qb6 10. Nb3 a6 11. Bc4 Na5 12. Nxa5 Qxa5 13. Ne4 Nxe4 14. Qxe4
O-O-O 15. c3 Bd6 16. b4 Qh5 17. f4 Bc6 18. Qe2 Qxe2 19. Bxe2 h5 20. a4 Be4 21.
Bd2 h4 22. h3 Kd7 23. Rfe1 f5 24. Rf1 Rh6 25. Rf2 Rg6 26. Bf3 Bd5 27. Rc1 Bc4
28. Bxb7 c6 29. b5 axb5 30. axb5 cxb5 31. Ra1 Kc7 32. Bf3 Kb6 33. Be3 Rc8 34.
d5+ Bc5 35. Bxc5+ Kxc5 36. dxe6 Rxe6 37. Rd2 Re3 38. Rc1 Rd3 39. Rxd3 Bxd3 40.
Kf2 Kc4 41. Bd1 Ra8 42. Ke3 Ra3 43. Kd2 Ra2+ 44. Bc2 Rb2 45. Kd1 Kxc3 0-1

[Event "AUTO-ELITE-33"]
[Site "http://www.queenalice.com/game.php?id=54709"]
[Date "2006.2.25"]
[Round "1"]
[White "Catalin"]
[Black "ahimsa"]
[Result "1/2-1/2"]
[WhiteElo "1865"]
[BlackElo "2025"]

1. e4 g6 2. d4 Bg7 3. Nf3 c6 4. Be3 d5 5. e5 Bg4 6. Nbd2 f6 7. Be2 Nd7 8. exf6
exf6 9. h3 Be6 10. O-O Ne7 11. Re1 O-O 12. Bd3 Bf5 13. Nb3 Bxd3 14. Qxd3 Re8 15.
c4 Kh8 16. Rac1 dxc4 17. Qxc4 Nb6 18. Qf7 Qd5 19. Qxd5 Nbxd5 20. Bd2 b6 21. Re2
Kg8 22. Rce1 a5 23. Re6 Kf7 24. a4 Bf8 25. Bc3 Rec8 26. Kf1 Nf5 27. Nc1 c5 28.
dxc5 Rxc5 29. Nb3 Rc4 30. Rxf6+ Kg8 31. Nbd2 Rxa4 32. Rc6 Nxc3 33. bxc3 Rb8 34.
Rb1 b5 35. Re6 Nd6 36. Rbe1 Nc4 37. Ne4 Bg7 38. Nd4 Ra2 39. Kg1 Rb2 40. Re7 Bxd4
41. cxd4 Rf8 42. f3 Rf7 43. Re8+ Kg7 44. Kh1 a4 45. Nc5 a3 46. Kg1 Ra7 47. Ne6+
Kh6 48. Re4 g5 49. h4 g4 50. Nf4 Kg7 51. fxg4 Nd6 52. R4e7+ Rxe7 53. Rxe7+ Kg8
54. Ra7 a2 55. Kh2 Rd2 56. Ne6 h6 57. Nc5 b4 58. Nb3 Rd3 59. Nc1 Rxd4 60. Rxa2
Rxg4 61. g3 Ne4 62. Ne2 Nc3 63. Nxc3 bxc3 64. Ra8+ Kh7 65. Rc8 h5 1/2-1/2

[Event "AUTO-ELITE-33"]
[Site "http://www.queenalice.com/game.php?id=54710"]
[Date "2006.2.25"]
[Round "1"]
[White "ahimsa"]
[Black "Catalin"]
[Result "1-0"]
[WhiteElo "2027"]
[BlackElo "1937"]

1. e4 e5 2. Nf3 Nc6 3. g3 Bc5 4. Bg2 Nf6 5. d3 O-O 6. O-O d5 7. Nbd2 Bg4 8. Qe1
Bd6 9. c3 a5 10. h4 d4 11. Nh2 Be6 12. Ndf3 Qd7 13. Bd2 dxc3 14. bxc3 Rad8 15.
Ng5 Bc5 16. Nxe6 Qxe6 17. Be3 Bxe3 18. Qxe3 Rd6 19. Rfd1 Rfd8 20. Rd2 Qd7 21.
Rad1 a4 22. Qe2 b6 23. Nf3 Qg4 24. Qf1 b5 25. Nh2 Qc8 26. f4 Ng4 27. Qf3 Nxh2
28. Kxh2 Qd7 29. Bh3 Qe7 30. fxe5 Nxe5 31. Qe3 Rc6 32. Rc2 g6 33. Qe2 Rcd6 34.
d4 Nc4 35. e5 Rb6 36. Re1 Kg7 37. Qe4 c6 38. Rf2 Ra6 39. Rf6 Qa3 40. Qf3 Qxa2+
41. Re2 Nb2 42. e6 fxe6 43. Rf7+ Kg8 44. Qf6 1-0

[Event "AUTO-ELITE-33"]
[Site "http://www.queenalice.com/game.php?id=54721"]
[Date "2006.2.25"]
[Round "1"]
[White "ahimsa"]
[Black "salazar"]
[Result "0-1"]
[WhiteElo "1982"]
[BlackElo "2090"]

1. e4 e5 2. Nf3 Nc6 3. g3 Nf6 4. d3 d5 5. Nbd2 Bd6 6. Bg2 O-O 7. O-O dxe4 8.
dxe4 Bg4 9. c3 Re8 10. a4 a6 11. Qc2 Qd7 12. Nc4 Bh3 13. Ne3 Bxg2 14. Nxg2 Qg4
15. Nd2 Rad8 16. Ne3 Qh3 17. Re1 Bc5 18. Ndf1 h5 19. b4 Ba7 20. Kh1 h4 21. Ng2
hxg3 22. fxg3 Ng4 23. Nge3 Ne7 24. Nxg4 Qxg4 25. Be3 Bxe3 26. Nxe3 Qh3 27. Rad1
Ng6 28. Nf5 Nf8 29. Qb3 g6 30. Ne7+ Kg7 31. Nd5 Ne6 32. Rf1 Rh8 33. Qa2 c6 34.
Qf2 cxd5 35. exd5 Ng5 36. Qf6+ Kh6 37. Qxe5 Rhe8 38. Qf6 Re2 39. Rf2 Rxd5 0-1

[Event "AUTO-ELITE-33"]
[Site "http://www.queenalice.com/game.php?id=54722"]
[Date "2006.2.25"]
[Round "1"]
[White "salazar"]
[Black "ahimsa"]
[Result "1-0"]
[WhiteElo "2102"]
[BlackElo "1970"]

1. e4 g6 2. d4 Bg7 3. e5 d6 4. f4 Nh6 5. Nf3 O-O 6. h3 f6 7. Bc4+ d5 8. Bd3 Nf7
9. Be3 c5 10. c3 fxe5 11. dxe5 Qb6 12. Qe2 Qd8 13. Bxc5 Qc7 14. Bd4 Nd8 15. Qe3
Nbc6 16. O-O Bd7 17. Ng5 Qc8 18. Nd2 Ne6 19. Nb3 b6 20. f5 Nxg5 21. Qxg5 Bxf5
22. Bxf5 Rxf5 23. Rxf5 Qxf5 24. Qxf5 gxf5 25. e6 Bxd4+ 26. Nxd4 Nxd4 27. cxd4
Rc8 28. Rf1 Rf8 29. Rc1 Kg7 30. Rc7 Kf6 31. Rxa7 Rb8 32. Rc7 Kxe6 33. Rc6+ Kf7
34. Kf2 Rb7 35. Kf3 e6 36. Kf4 Kf6 37. g4 fxg4 38. hxg4 h6 39. a4 b5 40. a5 b4
41. b3 Rb5 42. Rc5 Rb7 43. a6 Ra7 44. Ra5 Kg6 45. Ke5 Kg5 46. Kxe6 Kxg4 47. Kxd5
h5 48. Kc6 1-0

[Event "ahimnias"]
[Site "http://www.queenalice.com/game.php?id=66516"]
[Date "2006.5.2"]
[Round "-"]
[White "ahimsa"]
[Black "Nias"]
[Result "1-0"]
[WhiteElo "2021"]
[BlackElo "1528"]

1. e4 e5 2. Nf3 Qf6 3. Nc3 c6 4. d4 d6 5. Bg5 Qe6 6. dxe5 Nd7 7. Qd2 dxe5 8.
O-O-O b5 9. Kb1 f6 10. Bh4 a6 11. Bg3 Nb6 12. Qd8+ Kf7 13. Qxb6 Be7 14. Nh4 Nh6
15. Be2 g6 16. h3 g5 17. Nf5 Nxf5 18. exf5 Qxf5 19. Qxc6 Bd7 20. Rxd7 Rhc8 21.
Qb7 Qe6 22. Bg4 Qc6 23. Rxe7+ Kg8 24. Rg7+ Kh8 25. Rxh7+ 1-0

[Event "niasimsa"]
[Site "http://www.queenalice.com/game.php?id=66517"]
[Date "2006.5.2"]
[Round "-"]
[White "Nias"]
[Black "ahimsa"]
[Result "0-1"]
[WhiteElo "1530"]
[BlackElo "2019"]

1. e4 d5 2. Qf3 dxe4 3. Qxe4 Nf6 4. Qe2 Nc6 5. c3 e5 6. f3 Be7 7. g4 O-O 8. h4
Re8 9. b4 e4 10. Kd1 exf3 11. Nxf3 Bxg4 12. Rg1 Bc5 13. Qg2 Bxg1 14. Qxg1 Bxf3+
15. Kc2 Qd7 16. d3 a5 17. b5 Na7 18. c4 Nxb5 19. cxb5 Qxb5 20. Nc3 Qc6 21. Bb2
Nd5 22. Kd2 Qh6+ 23. Kc2 Nb4+ 24. Kb1 Re1+ 25. Nd1 Rxd1+ 0-1

[Event "QA-ANNIV-01"]
[Site "http://www.queenalice.com/game.php?id=78030"]
[Date "2006.6.18"]
[Round "3"]
[White "ahimsa"]
[Black "Alarasu"]
[Result "0-1"]
[WhiteElo "2008"]
[BlackElo "2106"]

1. e4 e5 2. Nf3 Nf6 3. d3 Nc6 4. g3 Bc5 5. Bg2 d6 6. O-O Be6 7. c3 Bb6 8. Be3
Bxe3 9. fxe3 Qd7 10. Nbd2 O-O 11. d4 Bh3 12. d5 Bxg2 13. dxc6 Bxf3 14. Qxf3 Qxc6
15. Rf2 a5 16. Raf1 Qa4 17. a3 Qd7 18. Qe2 a4 19. Rf5 Ra6 20. Rxf6 gxf6 21. Rf5
Kh8 22. Qh5 Rg8 23. Qh6 Qd8 24. Nf3 Rg6 25. Qh4 Rb6 0-1